Statistiche per Miglior risultato ai Mondiali - Quiz n°1

Clicka qui per fare il quiz!

Statistiche generali

  • Questo quiz è stato fatto 22 volte
  • Il punteggio medio è 9 su 16

Statistiche sulle risposte

HintRisposta% Corretto
UruguayCampione
100%
BrasileCampione
100%
AngolaPrimo turno
95%
GiamaicaPrimo turno
89%
IsraelePrimo turno
68%
UngheriaSecondo posto
68%
Nuova ZelandaPrimo turno
58%
Corea del SudQuarto posto
58%
MaroccoQuarto posto
58%
NigeriaOttavi di finale
53%
SlovacchiaOttavi di finale
42%
AlgeriaOttavi di finale
37%
NorvegiaOttavi di finale
37%
EgittoOttavi di finale
26%
Serbia / JugoslaviaQuarto posto
26%
AustriaTerzo posto
16%

Distribuzione punteggi

Percentile per numero di risposta

Percentuale di utenti per punteggio

I tuoi punteggi nel tempo

Non hai fatto questo quiz